Memoria presentada al Excmo. Sr. Ministro de Hacienda por el inspector general de minas, D. José de Monasterio y Correa, sobre el ensayo comparativo del sistema de destilación de los minerales de mercurio propuesto por el ingeniero francés M. Emile Pillet, con relación al que se sigue en Almadén en los hornos llamados de Idria, 1869. (Record no. 159945)

MARC details
000 -LEADER
campo de control de longitud fija 01502nam a2200229 i 4500
001 - NÚMERO DE CONTROL
campo de control 159945
003 - IDENTIFICADOR DE NÚMERO DE CONTROL
campo de control ES-MaACL
005 - FECHA Y HORA DE LA ÚLTIMA TRANSACCIÓN
campo de control 20230906211904.0
008 - DATOS DE LONGITUD FIJA--INFORMACIÓN GENERAL
campo de control de longitud fija 000112s1870 sp |||| | spa d
080 ## - NÚMERO DE LA CLASIFICACIÓN DECIMAL UNIVERSAL
Número de la Clasificación Decimal Universal 622.349.9
100 1# - ENTRADA PRINCIPAL--NOMBRE DE PERSONA
Nombre de persona Monasterio y Correa, José.
9 (RLIN) 130044
245 10 - MENCIÓN DEL TÍTULO
Título Memoria presentada al Excmo. Sr. Ministro de Hacienda por el inspector general de minas, D. José de Monasterio y Correa, sobre el ensayo comparativo del sistema de destilación de los minerales de mercurio propuesto por el ingeniero francés M. Emile Pillet, con relación al que se sigue en Almadén en los hornos llamados de Idria, 1869.
260 ## - PUBLICACIÓN, DISTRIBUCIÓN, ETC.
Lugar de publicación, distribución, etc. Madrid :
Nombre del editor, distribuidor, etc. [s.n.],
Fecha de publicación, distribución, etc. 1870 (
Fabricante Imp. de J.M. Lapuente)
300 ## - DESCRIPCIÓN FÍSICA
Extensión 100 p., [1] h. de plano pleg. ;
Dimensiones 26 cm.
530 ## - NOTA DISPONIBLE DE FORMULARIO FÍSICO ADICIONAL
Nota de formato físico adicional disponible Disponible en formato digital.
650 #4 - PUNTO DE ACCESO ADICIONAL DE MATERIA--TÉRMINO DE MATERIA
Término de materia o nombre geográfico como elemento de entrada Minerales de mercurio.
9 (RLIN) 165401
852 4# - LOCALIZACIÓN
Ubicación ES-MaACL
Número de control de estantería T-176-F-2
Nota libre - Enc. hol., falto de cub. original
-- - Enc. en un vol. facticio
852 4# - LOCALIZACIÓN
Ubicación ES-MaACL
Número de control de estantería T-152-F-8
Nota libre - Enc. hol.
-- - Enc. en un vol. facticio
-- - Dedicatoria autógrafa del autor
852 4# - LOCALIZACIÓN
Ubicación ES-MaACL
Número de control de estantería T-902-F-11
Nota libre - Enc. hol., falto de cub. original
-- - Enc. en un vol. facticio
-- - Legado de Federico de Botella y de Hornos
852 4# - LOCALIZACIÓN
Ubicación ES-MaACL
Número de control de estantería L-32450(5)
Nota libre - Enc. cart.
-- - Enc. en un vol. facticio, con tít. en el lomo de: España, geología: memorias varias, 3
-- - Legado Federico de Botella y de Hornos
856 4# - LOCALIZACIÓN Y ACCESO ELECTRÓNICOS
Identificador Uniforme de Recursos <a href="http://bdh-rd.bne.es/viewer.vm?id=0000048384&page=1 ">http://bdh-rd.bne.es/viewer.vm?id=0000048384&page=1 </a>
Nota pública Biblioteca Digital Hispánica
Holdings
Estatus retirado Estado de pérdida Estado de daño No para préstamo Colección Biblioteca de origen Biblioteca actual Ubicación en estantería Fecha de adquisición Fuente de adquisición Total de préstamos Signatura topográfica completa Código de barras Visto por última vez Precio de reemplazo Tipo de ítem Koha
        Colección digital Biblioteca del Ateneo de Madrid Biblioteca del Ateneo de Madrid Depósito 2 25/06/2019     L-32450(5) 1200938 23/02/2023 23/02/2023 Libro impreso antiguo
        Colección de folletos Biblioteca del Ateneo de Madrid Biblioteca del Ateneo de Madrid Depósito folletos 17/01/2008     T-176-F-2 1167443 23/02/2023 23/02/2023 Folleto
        Colección de folletos Biblioteca del Ateneo de Madrid Biblioteca del Ateneo de Madrid Depósito folletos 17/01/2008     T-152-F-8 1167444 23/02/2023 23/02/2023 Folleto
        Colección de folletos Biblioteca del Ateneo de Madrid Biblioteca del Ateneo de Madrid Depósito folletos 17/01/2008     T-902-F-11 1167445 23/02/2023 23/02/2023 Folleto